Представление документа в формате MARC21

Поле Инд. ПП Название Значение
Тип записи a
Библиографический уровень b
001 Контрольный номер RU/IS/BASE/148579125
005 Дата корректировки 20200610181707.5
084 a Индекс другой классификации/Индекс ББК 66.02
100 1_ a Автор Федоркин Н. С.
245 a Заглавие Ценностные ориентации власти как интегрирующий фактор социального знания
504 a Библиография Библиогр. ссылки
650 a Основная рубрика политика
a Основная рубрика политология
653 a Ключевые слова властные отношения
a Ключевые слова власть
a Ключевые слова коррупция
a Ключевые слова морально-нравственные ценности
a Ключевые слова объект власти
a Ключевые слова политическая власть
a Ключевые слова политическая культура
a Ключевые слова политическая элита
a Ключевые слова политическая этика
a Ключевые слова политические отношения
a Ключевые слова политические ценности
a Ключевые слова политическое поведение
a Ключевые слова структура власти
a Ключевые слова субъект власти
a Ключевые слова этика
773 t Заглавие источника Вестник Московского университета. Серия 18, Социология и политология
d Дата издания источника 2001
g Прочая информация № 2. - С. 30 - 40
w Контрольный № источника RU/IS/BASE/148578705
901 t Тип документа b